Flags I don't know part 1 - Statistics

General Stats
  • This quiz has been taken 27 times
  • The average score is 14 of 16
Answer Stats
Picture Answer % Correct
Armenia
100%
Micronesia
96%
Palau
96%
Tonga
96%
Eswatini
92%
St Vincent and the Grenadines
92%
Belize
88%
Comoros
88%
Equatorial Guinea
88%
Malawi
88%
Rep of the congo
88%
Tuvalu
88%
St Kitts & Nevis
83%
Benin
79%
Guyana
79%
Sao Tome & Principe
75%
No matching quizzes found
Score Distribution
Percent of People with Each Score
Percentile by Number Answered
Your Score History
You have not taken this quiz